| 000 | 00628nam a2200217 a 4500 | ||
|---|---|---|---|
| 001 | 1815 | ||
| 003 | CDMR | ||
| 005 | 20131115125127.0 | ||
| 008 | 130130s1986||||||||||||||||||||||||||||d | ||
| 020 | _a2711106322 | ||
| 040 |
_aCDMR _bcat _cCDMR |
||
| 245 | 0 | 0 |
_aL'appropriation de l'information _cJean-Pierre Chamoux |
| 260 |
_aParis _bLibrairies Techniques |
||
| 260 |
_c1986 _bDroit & Informatique |
||
| 300 | _a184 p. | ||
| 500 | _aSeminari "Sciences - Technologie - Société" | ||
| 650 | 0 | 4 |
_93208 _aPeriodisme _xDret i legislació |
| 650 | 0 | 4 |
_93160 _aDrets d'autor |
| 700 | 1 |
_91357 _aChamoux, Jean-Pierre |
|
| 942 |
_cMON _2udc |
||
| 999 |
_c1815 _d1815 |
||